LEADER 01062nam a2200241 i 4500 001 000000244318 003 CaOOAMICUS 005 20150803000000.0 008 150803s1967 it u000 u ita u 013 $a223223 040 $aSeMil$bita 245 13$aLa populorum progressio nella cronaca italiana /$ca cura di Giacomo De Antonellis. 260 $aMilano :$bEdizioni Ares,$cstampa 1967. 300 $a164 p. ;$c22 cm. 490 0 $aSagitta. Nuova serie [Ares]v5. 650 4$aPaolo VI - Encicliche . Populorum progressio - Influssi.$0(OLS)http://semarc/subject/42562 700 1 $aDe Antonellis, Giacomo.$0(OLS)http://semarc/name/20754 830 0$aSagitta. Nuova serie ;$v5.$0(OLS)http://semarc/title/10348 850 $aSeMil 852 $aSeMil$W1$xVenegono$y1$m3M III 262$j194664$B194664$CSeMilBibl$Z2$F205413 $81 961 $aOmaggio: Martinelli don Romano 996 $6245$aLa populorum progressio nella cronaca italiana$9(OLS)http://semarc/title/346323 996 $6260$aMilano :$bEdizioni Ares$9(OLS)http://semarc/publisher/32837 LEADER 00981nam a2200253 i 4500 001 000000125238 003 CaOOAMICUS 005 20180316000000.0 008 180316s1963 it u000 u ita u 013 $a97938 040 $aSeMil$bita 100 1 $aMagnino, Bianca.$0(OLS)http://semarc/name/816 245 10$aStrutture sociali e indagine sociologica /$cBianca Magnino. 260 $aBrescia :$bLa Scuola,$ccopyr. 1963. 300 $a274 p. ;$c20 cm. 490 0 $aAnalisi e sintesi ;$v3 500 $aContiene : Indice dei nomi. 650 4$aSociologia.$0(OLS)http://semarc/subject/3570 830 0$aAnalisi e sintesi ;$v3.$0(OLS)http://semarc/title/18295 850 $aSeMil 852 $aSeMil$W1$xVenegono$y1$m3N II 707$j79725$B79725$CSeMilBibl$Z2$F82039 $81 961 $aRecupero: Seminario di Seveso 996 $6245$aStrutture sociali e indagine sociologica$9(OLS)http://semarc/title/184435 996 $6260$aBrescia :$bLa Scuola$9(OLS)http://semarc/publisher/29831